00258nam a2200121Ia 4500003000400000005001700004008004100021020000800062040001700070100001500087245001600102260001800118OSt20240330150326.0170524s9999 xx 000 0 und d aNIL cIIMTU MEERUT aTirde Jean 0aGame Theory aNew Delhi Ane